El Personal docente e investigador laboral de las universidades pb︢licas aspectos legales y negociacin̤ colectiva /

Detalles Bibliográficos
Otros Autores: Romero Burillo, Ana Mara̕ (coord.), Moreno Gen,̌ Josep (coord.), Argüelles Blanco, Ana Rosa
Formato: Libro
Lenguaje:español
Publicado: Albacete : Bomarzo, 2010
Materias:
Acceso en línea:Acceso restringido

MARC

LEADER 00000nam a2200000 a 4500
005 20120209152647.0
007 cr|||| ||||
008 100608s2010 sp |||| |||| 000 0 spa|c
020 |a 9788415000013 
035 |a 5795 
040 |d vLex 
043 |a e-sp--- 
090 |c 2984  |d 2984 
245 0 3 |a El Personal docente e investigador laboral de las universidades pb︢licas   |h [Recurso electrn̤ico] :  |b aspectos legales y negociacin̤ colectiva /  |c Ana Mara̕ Romero Burillo y Josep Moreno Gen ̌(coordinadores) ; Ana Rosa Argüelles Blanco... [et al.] 
256 |a Servicio en ln̕ea 
260 |a Albacete :  |b Bomarzo,  |c 2010 
300 |a 1 recurso electrn̤ico 
504 |a Bibliografa̕ 
506 1 |a Contenido solo disponible en los productos indicados  |d vLex Global   |d vLex Global (Academic Edition, excluding Law Schools)   |d vLex Global (U.S. Academic Edition, Law Schools)   |d vLex Global (U.S. Academic Edition, excluding Law Schools)   |d vLex Global (Academic Edition, Law Schools)  
650 0 4 |a Profesores universitarios  |x Situacin̤ legal, leyes, etc.  |z Espaą 
650 0 4 |a Convenios colectivos de trabajo  |x Enseąnza universitaria  |z Espaą 
650 0 4 |a Investigadores  |x Contratacin̤  |z Espaą 
650 0 4 |a Profesores universitarios  |x Derecho  |z Espaą 
650 0 4 |a Contratos de trabajo  |z Espaą 
700 1 |a Romero Burillo, Ana Mara̕,  |e coord. 
700 1 |a Moreno Gen,̌ Josep,  |e coord. 
700 1 |a Argüelles Blanco, Ana Rosa 
740 0 |a vLex Libros (Servicio en ln̕ea) 
856 4 0 |u http://vlex.com/source/personal-docente-investigador-laboral-universidades-publicas-aspectos-legales-negociacion-colectiva-5795  |z Acceso restringido 
942 |c BOOK 
999 0 |a Labor laws and legislation 
999 0 |a College teachers 
999 0 |a Collective labor agreements